00618nam a22001457a 450000500170000000800410001702000180005804000100007608200190008610000240010524500940012926000430022330000210026665001850028720260219115128.0260219b |||||||| |||| 00| 0 eng d a9789393875129 cVITAP 223a954.82 NAM aNambath, Suresh Ed. aTamil Nadu in Focusb: Culture And Society; Politics and Governancec/ Suresh Nambath Ed. aChennaibTHG Publishing Pvt Ltd.c2023 a240p, ill.: 26cm 0aPhysical Features, History of Tamil Nadu, Administration & Politics, Economy, Culture & Heritage Tamil language and litera, Education & Social Development, Art & Architecture etc.